[Event "FRA-ch U12"]
[Site "Hyeres"]
[Date "2019.04.15"]
[Round "2"]
[White "Ebrard, Leopold"]
[Black "Maurizzi, Marc Andria"]
[Result "0-1"]
[WhiteElo "1641"]
[BlackElo "2276"]
[PlyCount "64"]
[EventDate "2019.04.14"]
[EventType "swiss"]
[EventRounds "9"]
[EventCountry "FRA"]
[SourceTitle "CBM 190 Extra"]
[Source "ChessBase"]
[SourceDate "2019.07.15"]
[SourceVersion "1"]
[SourceVersionDate "2019.07.15"]
[SourceQuality "1"]

1. e4 c5 2. Nc3 Nc6 3. f4 g6 4. Bb5 Bg7 5. Nf3 Nd4 6. Bd3 d6 7. 0-0 Bg4 8. Be2 Bxf3 9. Bxf3 Nf6 10. d3 0-0 11. Ne2 Nd7 12. Nxd4 cxd4 13. Bd2 Rc8 14. Bg4 Rc6 15. Rc1 e6 16. f5 exf5 17. exf5 Ne5 18. fxg6 hxg6 19. Bf3 Nxf3+ 20. Rxf3 Qc7 21. Rh3 Rc8 22. Bh6 Rxc2 23. Rxc2 Qxc2 24. Qe1 Bxh6 25. Rxh6 Qc1 26. Qxc1 Rxc1+ 27. Kf2 Rc2+ 28. Kf3 Rxb2 29. Rh4 Rxa2 30. Rxd4 Ra6 31. h4 b5 32. g4 Rb6 0-1